Las tentaciones de San Antonio

Tallennettuna:
Bibliografiset tiedot
Päätekijä: Flaubert, Gustave (Tekijä)
Aineistotyyppi: Kirja
Kieli:espanja
Julkaistu: s.l s.n 1971
Aiheet:
Tagit: Lisää tagi
Ei tageja, Lisää ensimmäinen tagi!

MARC

LEADER 00000nam a2200000 a 4500
001 UCN0539
003 CL-VaPUC
008 010323e19710000sl |||||||||||||||||spa|d
082 0 4 |a 840  |b FLA  |2 21 
100 0 |a Flaubert, Gustave  |e author  |9 316219 
245 1 4 |a Las tentaciones de San Antonio 
246 1 3 |a Un corazón sencillo 
246 1 3 |a La leyenda de San Julián 
246 1 3 |a El hospitalario 
246 1 0 |a Herodias 
300 |a pág. irreg 
942 |c BK 
945 |d 20010323 00:00:00  |a vberengu 
260 |a s.l  |b s.n  |c 1971 
650 0 |a Literatura francesa  |9 266330 
583 |a last modification  |c 20180108 05:01:41  |k Rodrigo Vera 
999 |c 294285  |d 294283